| 000 | 00555cam a22002291 4500 | ||
|---|---|---|---|
| 001 | sa 65003276 | ||
| 003 | DLC | ||
| 005 | 20260227112122.0 | ||
| 008 | 940927s1963 ii 000 0 telo | ||
| 010 | _asa 65003276 | ||
| 025 | _aPL480:I-Te-594 | ||
| 035 | _a(OCoLC)31187228 | ||
| 040 |
_aDLC _cCU _dCU _dDLC |
||
| 042 | _apremarc | ||
| 050 | 0 | 0 |
_aPL4780.8 _b.M6 |
| 100 | 1 |
_aMōhan, K. R. K., _d1933- |
|
| 245 | 1 | 0 | _aMaṇi mañjīrālu. |
| 260 | _c[1963] | ||
| 300 |
_a164 p. _c19 cm. |
||
| 500 | _aIn Telugu. | ||
| 650 | 0 | _aShort stories, Telugu. | |
| 999 |
_c63054 _d63054 |
||